000 00690nam a2200205 a 4500
001 000040647
005 20201002034257.0
008 130904s2010 sp a 000 0 spa d
020 _a9788437601250
040 _aDO-SdBNP
_bspa
_cBNPHU
082 _axxxx
_bxxxx
100 1 _aNieto Alcaide, Víctor
_967005
245 1 3 _aLa luz, símbolo y sistema visual. :
_b(el espacio y la luz en el arte gótico y del renacimiento) /
_cVíctor Nieto Alcaide.
250 _a8va. ed.
260 _aMadrid, :
_bEdiciones cátedra,
_c2010.
300 _a190 p. :
_bil. ;
_c18 cm.
490 1 _aCuaderno arte cátedra
_v2
504 _aBibliografía p: 177-190
830 0 _aCuaderno arte cátedra
_v2
_967006
999 _c40137
_d40137